000 02228cam a2200289 4500500
005 20260329022941.0
041 _afre
042 _adc
100 1 0 _aNdongue Epangue, Timothée
_eauthor
245 0 0 _aLes stratégies de communication de crise des subalternes sur Facebook
260 _c2026.
500 _a5
520 _aCette étude analyse les stratégies de communication de crise des voix officiellement négligées, considérées comme des subalternes, afin de mettre en lumière leurs significations. A partir d’une approche netnographique mobilisant la subalternité et la construction des identités comme cadres théoriques, l’analyse thématique des contenus révèle que ces stratégies de communication de crise traduisent les tensions politiques et identitaires propres au contexte camerounais. Les résultats montrent que la mise en œuvre de ces pratiques communicationnelles confère une visibilité aux subalternes, ce qui leur permet d’exposer leur vision du monde et de participer au débat public.
520 _a‪This study analyzes the crisis communication strategies of officially neglected voices, considered subaltern, in order to shed light on their significance. Using a netnographic approach that employs subalternity and identity construction as theoretical frameworks, the thematic content analysis reveals that these crisis communication strategies reflect the political and identity tensions specific to the Cameroonian context. The results show that the implementation of these communication practices grants visibility to subaltern voices, allowing them to express their worldview and participate in public debate.‪
690 _aconstruction des identités
690 _aFECAFOOT
690 _aMINSEP
690 _astratégies de communication de crise
690 _asubalternité
690 _aconstruction of identities
690 _acrisis communication strategies
690 _aFECAFOOT
690 _aMINSEP
690 _asubalternity
786 0 _nCommunication & Organisation | - | 2 | 2026-03-18 | p. 85-101 | 1168-5549
856 4 1 _uhttps://shs.cairn.info/revue-communication-et-organisation-2025-2-page-85?lang=fr&redirect-ssocas=7080
999 _c1923715
_d1923715